|
|
|
|
| LEADER |
00000nam a2200000 a 4500 |
| 001 |
UCN7706 |
| 003 |
CL-VaPUC |
| 008 |
011026e19990000SP |||||||||||||||||spa|d |
| 082 |
0 |
4 |
|a 305.409
|b DUB
|2 21
|
| 100 |
0 |
|
|a Duby, Georges
|e author
|9 463701
|
| 245 |
1 |
0 |
|a Damas del siglo XII
|
| 300 |
|
|
|a v
|
| 942 |
|
|
|c BK
|
| 945 |
|
|
|d 20011026 00:00:00
|a vberengu
|
| 260 |
|
|
|a Madrid
|b Alianza
|c 1999
|
| 500 |
|
|
|a v.2: El recuerdo de las abuelas
|
| 500 |
|
|
|a v.3: Eva y los sacerdotes
|
| 650 |
|
0 |
|a Mujeres
|9 257649
|
| 650 |
|
7 |
|a MUJERES HISTORIA
|2 CL-VaPUC
|9 319594
|
| 650 |
|
7 |
|a MUJERES DESARROLLO CULTURAL
|2 CL-VaPUC
|9 463702
|
| 650 |
|
7 |
|a MUJERES DESARROLLO SOCIAL
|2 CL-VaPUC
|9 463703
|
| 651 |
|
0 |
|a Europa
|9 255156
|
| 583 |
|
|
|a last modification
|c 20011026 00:00:00
|k Rodrigo Vera
|
| 999 |
|
|
|c 297919
|d 297917
|
| 952 |
|
|
|0 0
|1 0
|4 0
|6 305_409000000000000_DUB_1999
|7 0
|8 A
|9 352972
|a BIBHIS
|b BIBHIS
|d 2019-11-21
|h v.2
|i 3765016
|o 305.409 DUB 1999
|p 3765016
|r 2025-01-20
|w 2019-11-21
|y BK
|k HIS
|
| 952 |
|
|
|0 0
|1 0
|4 0
|6 305_409000000000000_DUB_1999
|7 0
|8 A
|9 352973
|a BIBHIS
|b BIBHIS
|d 2019-11-21
|h v.3
|i 3765075
|o 305.409 DUB 1999
|p 3765075
|r 2025-01-20
|w 2019-11-21
|y BK
|k HIS
|